000
00313nas a2200145 a 4500
001
73543
003
147872
005
20201118111138.0
008
||||||n9999 ||| || ||
245
0
_a
Nueva Frontera - No.489
260
_c
1984.
562
_e
0
773
_0
16068
_a
Nueva Frontera
942
_c
SISS
999
_c
73543
_d
73543